Śląski poeta na Kaszubach
| Titel: | Śląski poeta na Kaszubach |
|---|---|
| Verfasser: | |
| In: |
Pomerania, Heft 7/8 (1996), Seite 32-36, Abb. alle Artikel anzeigen |
| Veröffentlicht: | 1996 |
| Format: | Aufsatz |
| Sprache: | Polnisch |
X
alg: 39350849 001A $01999:12-11-16 001B $01999:22-05-21 $t21:58:55.000 001D $01999:12-11-16 001U $0utf8 001X $00 002@ $0Aox 003@ $0393508498 007A $0393508498 $aHEB 007T $0Herdt01952 010@ $apol 011@ $a1996 021A $aŚląski poeta na Kaszubach 027A $aEin schlesischer Dichter in Kaschubien 028A $aLinkner $dTadeusz 031A $e7/8 $h32-36, Abb. $j1996 039B $aIn $8--Abvc--. Pomerania. - Gdańsk, 1969-. - ISSN 0238-9045 $x199600000000007968 $9066741246 045F $a929.094382 $eDDC23BSB 045F/01 $a929 045F/03 $g4382 045F/03 $g43832 045F/03 $g4385 046C $aEin schlesischer Dichter in Kaschubien $bÜbers. des Hauptsacht. lok: 39350849 78 exp: 39350849 78 1 #EPN 201B/01 $029-05-18 $t22:56:12.000 201U/01 $0utf8 203@/01 $0789618931 208@/01 $a12-11-16 $be 209A/01 $a/ $f000 $x00 220C/01 $aTitelaufnehmer: uz 244Z/01 $2Trx $#Prusy Wschodnie i Zachodnie $8--Trx--Ost- und Westpreußen $x01 $939113373X 244Z/01 $2Trx $#Silesia $#Śląsk $#Sliezsko $#Slezsko $8--Trx--Schlesien $x02 $9391173987 244Z/01 $#Kaszuby $#Kaschubei $#Pommerellen, Nord $#Nordpommerellen $74284575-0 $8--Tg1--Kaschubien $x03 $9086537350 244Z/01 $#Damroth, Konstantin $#Lubiński, Czesław $#Lublinski, Czeslaw $7119084708 $8--Tp1--Damrot, Konstanty$Z1841-1895 $x04 $9087424924 244Z/01 $2Trx $#kirjandus, Kašuubi $#literatūra, kašubų $#Literature, Kashubian $#irodalom, kasub $#literatura kaszubska $#literatúra kašubská $#literatura kašubská $8--Trx--Literatur, kaschubische $x05 $9391364901 244Z/01 $2Trx $#kirjanikud $#rašytojai $#writers $#írók $#pisarze $#spisovatelia $#spisovatelé $8--Trx--Schriftsteller $x06 $9391382659 244Z/01 $2Trx $8--Trx--Zeitschriftenaufsatz $x07 $9391384341 245Z/01 $a12.03 $x01 247C/01 $82080>Marburg/Lahn, Herder-Institut, Forschungsbibliothek, Bibliographieportal $9336309341
| LEADER | 00000caa a22000002c 4500 | ||
|---|---|---|---|
| 001 | 393508498 | ||
| 003 | DE-603 | ||
| 005 | 20210522215855.0 | ||
| 007 | tu | ||
| 008 | 161112s1996 xx |||| | u00||u|pol c | ||
| 035 | |a (DE-599)HEB393508498 | ||
| 040 | |a DE-603 |b ger |c DE-603 |d DE-603 | ||
| 041 | |a pol | ||
| 082 | 0 | 4 | |8 1\u |a 929.094382 |q DE-101 |2 23/BSB |
| 085 | |8 1\u |b 929 | ||
| 085 | |8 1\u |z 2 |s 4382 | ||
| 085 | |8 1\u |z 2 |s 43832 | ||
| 085 | |8 1\u |z 2 |s 4385 | ||
| 100 | 1 | |a Linkner, Tadeusz | |
| 245 | 0 | 0 | |a Śląski poeta na Kaszubach |
| 246 | 1 | |i Übers. des Hauptsacht. |a Ein schlesischer Dichter in Kaschubien | |
| 246 | 1 | 3 | |a Ein schlesischer Dichter in Kaschubien |
| 264 | 0 | |c 1996 | |
| 773 | 0 | 8 | |i In |t Pomerania |d Gdańsk, 1969- |x 0238-9045 |g Heft 7/8 (1996), Seite 32-36, Abb. |w (DE-603)066741246 |w (DE-600)772556-5 |
| 924 | 0 | |9 2080 |a (DE-603)789618931 |b DE-2080 |c HES |d d |g / | |


